MARC

LEADER 00000nam0a2200000 4500
001 146781
005 20231031144751.0
035 |a (RuTPU)RU\TPU\book\159109 
090 |a 146781 
100 |a 20081105d1931 m y0gery50 ba 
101 0 |a ger 
102 |a DE 
105 |a a z 000zy 
200 1 |a Handbuch des Maschinenwesens beim Baubetrieb  |h Band 1  |f G. Garbotz 
210 |a Berlin  |c Verlag von Julius springer  |d 1931 
215 |a 452 s.  |c il. 
317 |5 63413507: 270507  |a Культурные ценности, перемещенные в СССР в результате Второй мировой войны 
610 1 |a строительство 
610 1 |a механизация 
610 1 |a автоматизация 
610 1 |a машины 
610 1 |a строительные машины 
610 1 |a машиноведение 
610 1 |a применение 
610 1 |a конструкции 
675 |a 69.002.51  |v 3 
700 1 |a Garbotz  |b G.  |g Georg 
801 1 |a RU  |b 63413507  |c 20081105  |g PSBO 
801 2 |a RU  |b 63413507  |c 20090423  |g PSBO 
942 |c BK